000 00481nam a2200193 a 4500
001 1754977174161
003 ACL
005 20250812111236.0
008 250812s1993##################000#0#eng##
020 _a9780486278520
082 0 4 _a686.3
_bBAN
100 1 _aBanister, Manly,
_eauthor.
245 1 0 _aThe Craft of Bookbinding :
260 _bCourier Corporation,
_c1993.
300 _a164 pages
650 0 _aCrafts & Hobbies.
942 _cENGLISH
040 _aACL
_beng
_cACL
999 _c580717
_d580717